[Event "Tourn. n7992"]
[Site "www.chess-mail.com"]
[Date "2015.01.31"]
[Round "1"]
[White "Difficult"]
[Black "Osopanda"]
[WhiteElo "1900"]
[BlackElo "1980"]
[Result "1-0"]
[Round "1"]
1.c4 Ng8f6
2.Nb1c3 g6
3.d4 Bf8g7
4.e4 d6
5.h3 c6
6.Ng1f3 Qd8c7
7.Bf1d3 e5
8.d5 O-O
9.O-O Nb8d7
10.Bc1g5 h6
11.Bg5e3 Kh7
12.Ra1c1 Nf6h5
13.b4 f5
14.exf5 gxf5
15.g4 e4
16.gxh5 exd3
17.Qd1xd3 Nd7e5
18.Nf3xe5 Bg7xe5
19.f4 Rf8g8
20.Kh1 Be5f6
21.Rf1g1 Bc8d7
22.Be3d4 Qc7d8
23.Rg1xg8 Kxg8
24.Rc1g1 Kf7
25.Rg1g6 Bf6xd4
26.Qd3xd4 cxd5
27.Nc3xd5 Bd7c6
28.Qd4g7 { resign }
1-0

[Event "Tourn. n7994"]
[Site "www.chess-mail.com"]
[Date "2015.01.31"]
[Round "1"]
[White "Georgepapi"]
[Black "Generalfree"]
[WhiteElo "1830"]
[BlackElo "1800"]
[Result "1-0"]
[Round "1"]
1.e4 e5
2.Ng1f3 Nb8c6
3.Bf1b5 Ng8e7
4.O-O a6
5.Bb5a4 b5
6.Ba4b3 Ne7g6
7.d4 exd4
8.Nf3xd4 Nc6xd4
9.Qd1xd4 c6
10.a4 c5
11.Qd4d5 c4
12.Bb3xc4 bxc4
13.Qd5xa8 Bf8c5
14.Qa8d5 Qd8b6
15.a5 Qb6b5
16.Nb1c3 { resign }
1-0

[Event "Tourn. n7924"]
[Site "www.chess-mail.com"]
[Date "2015.01.31"]
[Round "1"]
[White "Oxycontin"]
[Black "Cirovicz"]
[WhiteElo "2060"]
[BlackElo "2060"]
[Result "1-0"]
[Round "1"]
1.Ng1f3 c5
2.e3 d5
3.d4 c4
4.Bc1d2 Ng8f6
5.b3 Bc8g4
6.bxc4 e6
7.c5 Bf8e7
8.Nb1c3 O-O
9.Bf1e2 Nb8c6
10.a3 h6
11.O-O Nf6e4
12.Bd2e1 Ne4xc3
13.Be1xc3 Be7f6
14.Nf3d2 Bg4xe2
15.Qd1xe2 e5
16.dxe5 Bf6xe5
17.Bc3xe5 Nc6xe5
18.Rf1d1 Qd8f6
19.e4 dxe4
20.Nd2xe4 Qf6g6
21.Ne4g3 Rf8e8
22.Qe2e4 Qg6xe4
23.Ng3xe4 Ra8c8
24.Ne4d6 f6
25.Nd6xe8 Rc8xe8
26.Rd1e1 Re8c8
27.Ra1b1 Rc8xc5
28.Rb1xb7 Rc5xc2
29.Rb7xa7 Ne5d3
30.Ra7a8 { resign }
1-0

[Event "Tourn. n8024"]
[Site "www.chess-mail.com"]
[Date "2015.01.31"]
[Round "1"]
[White "Badplayer"]
[Black "Jose"]
[WhiteElo "2250"]
[BlackElo "2680"]
[Result "0-1"]
[Round "1"]
1.e4 e5
2.Ng1f3 Nb8c6
3.Bf1b5 a6
4.Bb5a4 Ng8f6
5.O-O Bf8e7
6.Rf1e1 b5
7.Ba4b3 d6
8.d4 Nc6xd4
9.Nf3xd4 exd4
10.e5 dxe5
11.Re1xe5 O-O
12.c4 Be7d6
13.Re5e1 Nf6g4
14.h3 Bd6h2
15.Kf1 Ng4xf2
16.Kxf2 Qd8h4
17.Kf1 Bc8b7
18.Nb1d2 Ra8e8
19.Re1xe8 Rf8xe8
20.cxb5 Qh4g3
21.Nd2f3 Bb7xf3
22.Bb3xf7 Kh8
23.Bf7xe8 Qg3xg2
24.Ke1 Bh2g3

0-1

[Event "Tourn. n8034"]
[Site "www.chess-mail.com"]
[Date "2015.01.31"]
[Round "1"]
[White "Luban"]
[Black "Difficult"]
[WhiteElo "2130"]
[BlackElo "2000"]
[Result "1/2-1/2"]
[Round "1"]
1.d4 Ng8f6
2.c4 g6
3.e3 d6
4.h3 Bf8g7
5.Ng1f3 O-O
6.Bf1d3 Nb8d7
7.Nb1c3 c5
8.O-O a6
9.b3 b6
10.Bc1b2 Bc8b7
11.e4 cxd4
12.Nf3xd4 Nd7e5
13.Bd3c2 Ne5c6
14.Nd4xc6 Bb7xc6
15.Ra1b1 Qd8c7
16.Nc3d5 Bc6xd5
17.cxd5 b5
18.f4 Ra8c8
19.Rf1f2 Qc7b7
20.Rf2e2 Rc8c7
21.Bc2d3 Rf8c8
22.Re2c2 Rc7xc2
23.Bd3xc2 Qb7b6
24.Bb2d4 Qb6b7
25.Bc2d3 Nf6d7
26.Bd4xg7 Kxg7
27.b4 Qb7b6
28.Kh2 Qb6d4
29.Bd3c2 Qd4xd1
{ draw }
1/2-1/2

[Event "Tourn. n7886"]
[Site "www.chess-mail.com"]
[Date "2015.01.31"]
[Round "1"]
[White "Osopanda"]
[Black "Welberth"]
[WhiteElo "1910"]
[BlackElo "1870"]
[Result "1-0"]
[Round "1"]
1.c4 Ng8f6
2.d4 g6
3.Nb1c3 Bf8g7
4.e4 d6
5.f4 Bc8g4
6.Ng1f3 O-O
7.e5 dxe5
8.fxe5 Nf6e8
9.Bf1e2 Nb8c6
10.O-O e6
11.h3 Bg4xf3
12.Be2xf3 Qd8xd4
13.Qd1xd4 Nc6xd4
14.Bf3xb7 Ra8b8
15.Bb7e4 Bg7xe5
16.Bc1h6 Be5g7
17.Bh6xg7 Kxg7
18.Ra1d1 Nd4f5
19.Rf1e1 Ne8d6
20.Be4c2 Rb8xb2
21.Bc2b3 Nf5h4
22.Re1e2 Rb2xe2
23.Nc3xe2 Rf8d8
24.c5 Nd6b7
25.Rd1xd8 Nb7xd8
26.Ne2d4 Nd8b7
27.c6  { time }
1-0

[Event "Tourn. n8017"]
[Site "www.chess-mail.com"]
[Date "2015.01.31"]
[Round "1"]
[White "Faerieking"]
[Black "Lautreamont"]
[WhiteElo "2260"]
[BlackElo "2900"]
[Result "1-0"]
[Round "1"]
1.e4 c5
2.Ng1f3 d6
3.d4 cxd4
4.Nf3xd4 Ng8f6
5.Nb1c3 a6
6.Bc1g5 e6
7.f4 Qd8b6
8.Qd1d2 Qb6xb2
9.Ra1b1 Qb2a3
10.f5 Nb8c6
11.fxe6 fxe6
12.Nd4xc6 bxc6
13.e5 dxe5
14.Bg5xf6 gxf6
15.Nc3e4 Bf8e7
16.Bf1e2 h5
17.Rh1f1 f5
18.Rb1b3 { resign }
1-0

[Event "Tourn. n7860"]
[Site "www.chess-mail.com"]
[Date "2015.01.31"]
[Round "1"]
[White "Jjmcbride"]
[Black "Georgepapi"]
[WhiteElo "1660"]
[BlackElo "1740"]
[Result "1-0"]
[Round "1"]
1.e4 e5
2.d3 Ng8f6
3.Ng1f3 Nb8c6
4.c3 d5
5.exd5 Nf6xd5
6.c4 Bf8b4
7.Bc1d2 Bb4xd2
8.Qd1xd2 Nd5f4
9.g3 Nf4g6
10.a3 O-O
11.Nb1c3 Bc8g4
12.Bf1e2 Rf8e8
13.O-O h6
14.Rf1e1 Qd8d7
15.Nc3d5 Ra8d8
16.Qd2e3 Nc6d4
17.Nf3xd4 exd4
18.Qe3d2 Bg4xe2
19.Re1xe2 Re8xe2
20.Qd2xe2 Rd8e8
21.Qe2d2 Qd7d6
22.Ra1e1 Re8xe1
23.Qd2xe1 c6
24.Nd5b4 Ng6e5
25.Qe1e2 Qd6f6
26.Kg2 Qf6f5
27.f4 Ne5g6
28.Nb4c2 c5
29.b4 b6
30.b5 Ng6f8
31.Nc2e1 Nf8e6
32.Qe2f3 Kh7
33.Qf3b7 Qf5g4
34.Qb7e4 Kg8
35.Ne1f3 Ne6f8
36.Qe4e8 Qg4f5
37.Nf3e5 Qf5e6
38.Qe8xe6 Nf8xe6
39.Ne5c6 Ne6c7
40.Nc6xa7 Kf8
41.Na7c6 Ke8
42.a4 Kd7
43.a5 bxa5
44.Nc6xa5 Nc7a8
45.Kf3 Na8b6
46.Na5c6 f6
47.Ke4 Nb6a4
48.Kd5 Na4b6
49.Ke4 Ke6
50.Nc6d8 Ke7
51.Nd8b7 Nb6d7
52.Kd5 { resign }
1-0

[Event "Match"]
[Site "www.echecsemail.com"]
[Date "2015.01.31"]
[Round "1"]
[White "Rindrandria"]
[Black "Ranjachess"]
[WhiteElo "1510"]
[BlackElo "1570"]
[Result "0-1"]
[Round "1"]
1.f3 Nb8c6
2.e4 e5
3.c3 Nc6a5
4.b4 Na5c6
5.Qd1b3 Ng8f6
6.g4 d6
7.c4 Nc6d4
8.Qb3c3 Bc8e6
9.f4 Nf6xe4
10.Qc3d3 Qd8h4
11.Kd1 Ne4f2
12.Ke1 Nf2xd3
13.Kd1 Qh4e1
{ resign }
0-1

[Event "Match"]
[Site "www.echecsemail.com"]
[Date "2015.01.31"]
[Round "1"]
[White "E4player"]
[Black "Maestro"]
[WhiteElo "1809"]
[BlackElo "1960"]
[Result "1-0"]
[Round "1"]
1.e4 e5
2.Ng1f3 Nb8c6
3.Bf1c4 Ng8f6
4.d4 exd4
5.O-O Bf8e7
6.e5 Nf6e4
7.Rf1e1 d5
8.exd6 Ne4xd6
9.Bc4d5 O-O
10.Bd5xc6 bxc6
11.Qd1xd4 Be7f6
12.Qd4c5 Bc8b7
13.Bc1g5 Bf6xg5
14.Nf3xg5 Qd8xg5
15.Qc5xg5 h6
16.Qg5c5 { resign }
1-0

[Event "Match"]
[Site "www.echecsemail.com"]
[Date "2015.01.31"]
[Round "1"]
[White "Vitoriccardo"]
[Black "4knights"]
[WhiteElo "1499"]
[BlackElo "1499"]
[Result "0-1"]
[Round "1"]
1.e4 e5
2.Ng1f3 Ng8f6
3.d4 Nf6xe4
4.Bf1d3 d5
5.Nf3xe5 Nb8d7
6.Qd1e2 Nd7xe5
7.Bd3xe4 dxe4
8.Qe2xe4 Bc8e6
9.dxe5 Be6d5
10.Qe4g4 h5
11.Qg4g3 Qd8d7
12.Bc1g5 h4
13.Bg5xh4 Bd5xg2
14.Qg3xg2 Rh8xh4
15.Nb1c3 Bf8b4
16.Ra1d1 Bb4xc3
17.bxc3 Qd7f5
18.Qg2xb7 Rh4e4
{ resign }
0-1

[Event "Match"]
[Site "www.echecsemail.com"]
[Date "2015.01.31"]
[Round "1"]
[White "Joseph1983"]
[Black "Luzhin"]
[WhiteElo "2160"]
[BlackElo "2250"]
[Result "0-1"]
[Round "1"]
1.d4 Ng8f6
2.c4 e6
3.Ng1f3 b6
4.g3 Bf8b4
5.Bc1d2 Qd8e7
6.a3 Bb4xd2
7.Qd1xd2 Bc8b7
8.Bf1g2 O-O
9.Nb1c3 c5
10.O-O Nb8c6
11.e4 d6
12.e5 Nf6e8
13.exd6 Ne8xd6
14.b3 cxd4
15.Nf3xd4 Nc6xd4
16.Qd2xd4 Nd6f5
17.Qd4e5 Bb7xg2
18.Kxg2 Ra8d8
19.Ra1a2 Rd8d3
20.Nc3d5 Qe7c5
{ resign }
0-1

[Event "Match"]
[Site "www.echecsemail.com"]
[Date "2015.01.31"]
[Round "1"]
[White "Krystek23"]
[Black "Lautreamont"]
[WhiteElo "2270"]
[BlackElo "2899"]
[Result "1-0"]
[Round "1"]
1.c4 g6
2.Nb1c3 Bf8g7
3.e3 e5
4.Ng1f3 f5
5.d4 e4
6.Nf3g1 Ng8f6
7.Qd1a4 O-O
8.c5 d6
9.cxd6 cxd6
10.Ng1e2 Bc8e6
11.Ne2g3 Nb8c6
12.Bf1e2 d5
13.O-O a6
14.Bc1d2 f4
15.exf4 b5
16.Qa4d1 Nc6xd4
17.Ra1c1 Ra8c8
18.Bd2e3 Nd4c6
19.Be3c5 Rf8f7
20.a4 b4
21.Nc3a2 a5
22.b3 Bg7h6
23.Bc5e3 d4
24.f5 dxe3
25.fxe6 Rf7c7
26.Qd1xd8 Nc6xd8
27.Rc1xc7 Rc8xc7
28.Rf1d1 exf2
29.Kxf2 Nd8b7
30.Rd1d4 Nb7c5
31.Be2c4 Kf8
32.Ng3f1 Ke7
33.Nf1e3 Bh6xe3
34.Kxe3 Nc5xe6
35.Rd4d2 Ne6c5
36.Rd2d4 Nc5b7
37.Kd2 Nb7d6
38.Bc4f1 e3
39.Kd1 Ke6
40.Rd4d3 Nf6d5
41.h3 Ke5
42.Na2c1 Nd6e4
43.Rd3xd5 Kxd5
44.Bf1c4 Rc7xc4
45.bxc4 Kxc4
46.Ke2 { resign }
1-0

[Event "Match"]
[Site "www.echecsemail.com"]
[Date "2015.01.31"]
[Round "1"]
[White "Pariolinius"]
[Black "Georgepapi"]
[WhiteElo "1810"]
[BlackElo "1860"]
[Result "1-0"]
[Round "1"]
1.d4 Ng8f6
2.Ng1f3 d5
3.Bc1g5 e6
4.c4 Bf8e7
5.Nb1c3 O-O
6.e3 Nb8d7
7.Bf1d3 c5
8.O-O h6
9.Bg5h4 Rf8e8
10.Qd1c2 b6
11.b3 Bc8b7
12.Rf1e1 dxc4
13.bxc4 Bb7xf3
14.gxf3 Qd8c7
15.Bh4g3 Be7d6
16.Nc3b5 { resign }
1-0

[Event "Match"]
[Site "www.echecsemail.com"]
[Date "2015.01.31"]
[Round "1"]
[White "Generalfree"]
[Black "Maestro"]
[WhiteElo "1830"]
[BlackElo "1940"]
[Result "0-1"]
[Round "1"]
1.e4 e5
2.Ng1f3 Nb8c6
3.Bf1c4 Ng8f6
4.Nf3g5 d5
5.exd5 Nc6a5
6.Bc4b5 c6
7.dxc6 bxc6
8.Qd1e2 Bf8d6
9.Bb5c4 Na5xc4
10.Qe2xc4 O-O
11.Qc4xc6 Bc8f5
12.d3 Ra8c8
13.Qc6a4 h6
14.Ng5f3 Qd8c7
15.Nb1d2 Qc7xc2
16.Qa4xc2 Rc8xc2
17.O-O e4
18.Nf3d4 Rc2c5
19.Nd4xf5 Rc5xf5
20.dxe4 Rf5h5
21.f4 Bd6c5
22.Kh1 Nf6g4
23.Nd2f3 Ng4f2
24.Kg1 Nf2xe4
25.Rf1f2 Bc5xf2
26.Kf1 Bf2b6
27.g4 Rh5d5
{ resign }
0-1

[Event "Match"]
[Site "www.echecsemail.com"]
[Date "2015.01.31"]
[Round "1"]
[White "Darknight"]
[Black "Georgepapi"]
[WhiteElo "1780"]
[BlackElo "1880"]
[Result "0-1"]
[Round "1"]
1.e4 e5
2.Bf1c4 Ng8f6
3.d3 Nb8c6
4.c3 d6
5.h3 Bc8e6
6.Bc4xe6 fxe6
7.c4 d5
8.Bc1d2 dxc4
9.f3 cxd3
10.a3 Qd8d4
11.Bd2c3 Qd4e3
12.Kf1 Bf8c5
13.Bc3e1 Qe3d4
14.Qd1d2 O-O-O
15.Ng1e2 dxe2
16.Kxe2 Qd4c4
17.Kd1 Rd8xd2
18.Nb1xd2 Rh8d8
19.Ra1c1 Qc4b3
20.Rc1c2 Bc5e3
21.g4 Be3xd2
22.Rh1h2 Nc6d4
23.Rh2xd2 Nd4xc2
24.Rd2xd8 Kxd8
25.Be1c3 Nc2xa3
26.Ke2 Nf6d7
27.Kf2 Na3c4
28.Kg3 Nc4xb2
29.Bc3d2 Nd7c5
30.Kh4 Qb3xf3
31.Bd2g5 Kd7
32.Bg5c1 Nb2d3
33.Bc1a3 h6
34.Ba3xc5 Nd3xc5
35.Kh5 Qf3f6
36.h4 g5
{ resign }
0-1

[Event "Match"]
[Site "www.echecsemail.com"]
[Date "2015.01.31"]
[Round "1"]
[White "Krystek23"]
[Black "Apdash"]
[WhiteElo "2290"]
[BlackElo "2160"]
[Result "1-0"]
[Round "1"]
1.c4 e6
2.Nb1c3 Ng8f6
3.d4 d5
4.e3 c5
5.dxc5 Bf8xc5
6.a3 d4
7.exd4 Qd8xd4
8.Qd1xd4 Bc5xd4
9.Nc3b5 Bd4b6
10.c5 Bb6d8
11.Nb5d6 Kd7
12.Bf1b5 Nb8c6
13.Ng1f3 Bd8e7
14.Nf3e5 Kc7
15.Bb5xc6 bxc6
16.Nd6xf7 Rh8f8
17.b4 a5
18.Bc1f4 Kb7
19.Ra1b1  { time }
1-0

[Event "1/32 Finale"]
[Site "www.chess-mail.com"]
[Date "2015.01.31"]
[Round "1"]
[White "Ostapbender"]
[Black "Roqueur"]
[WhiteElo "2620"]
[BlackElo "2179"]
[Result "1-0"]
[Round "1"]
1.d4 Ng8f6
2.c4 e6
3.Nb1c3 d5
4.Bc1g5 Bf8e7
5.e3 O-O
6.Ra1c1 Nb8d7
7.Ng1f3 c6
8.Bf1d3 dxc4
9.Bd3xc4 Nf6d5
10.Bg5xe7 Qd8xe7
11.Nc3e4 Nd5f6
12.Ne4g3 Qe7b4
13.Qd1d2 Qb4xd2
14.Kxd2 Rf8d8
15.Rh1d1 h6
16.Bc4d3 a5
17.Ke2 g6
18.e4 a4
19.a3 Ra8a5
20.Bd3b1 Kg7
21.Kf1 Nf6e8
22.e5 f5
23.exf6 Nd7xf6
24.Rd1d2 Ne8d6
25.Rc1e1 Nd6c4
26.Rd2c2 Nc4d6
27.Bb1a2 Nf6d5
28.Ng3e4 Nd6f5
29.g4 Nf5e7
30.Ne4c5 Nd5f4
31.h4 Rd8f8
32.Nf3e5 Ne7d5
33.f3 h5
34.g5 Ra5a7
35.Kf2 b6
36.Nc5e4 Nd5e7
37.Ne4f6 Ra7c7
38.Re1c1 Bc8b7
39.Kg3 Nf4d5
40.Ba2xd5 exd5
41.Kf2 Rf8d8
42.b3 axb3
43.Rc2b2 Bb7a6
44.Rb2xb3 Rc7b7
45.Rc1b1 b5
46.Rb1c1 Rd8c8
47.f4 Rc8a8
48.Rb3b4 Ra8c8
49.a4 bxa4
50.Rb4xa4 Rb7b2
51.Kg1 Ba6b7
52.Ne5d3 Rb2b5
53.Ra4a7 Kf7
54.Nd3c5 Rc8c7
55.Nc5d7 Rc7c8
56.Rc1e1 Ne7f5
57.Nd7e5 Kg7
58.Ne5d3 Kf7
59.Nd3c5 Rc8c7
60.Kf2 Rb5b2
61.Kf1 Rb2b5
62.Nc5e6 Rc7c8
63.Nf6d7 Rc8e8
64.Ne6c5 Nf5g3
65.Kf2 Rb5b2
66.Kxg3 Re8xe1
67.Nd7e5 Kg8
68.Ra7xb7 Re1g1
69.Kf3 Rg1f1
70.Ke3 Rf1e1
71.Kd3 Rb2e2
72.Nc5d7 Re2e3
73.Kc2 Re3e2
74.Kc3 Re2e3
75.Ne5d3 Re1f1
76.Nd7f6 Kf8
77.Kd2 Re3xd3
78.Kxd3 Rf1f3
79.Ke2 Rf3xf4
80.Ke3 Rf4xh4
81.Rb7c7 Rh4h1
82.Rc7xc6 Rh1g1
83.Rc6c7 h4
84.Kf4 h3
85.Rc7h7 Rg1f1
86.Ke5 { resign }
1-0

[Event "1/32 Finale"]
[Site "www.chess-mail.com"]
[Date "2015.01.31"]
[Round "1"]
[White "Maredocla"]
[Black "Lautreamont"]
[WhiteElo "2030"]
[BlackElo "2900"]
[Result "1-0"]
[Round "1"]
1.e4 c6
2.d4 d5
3.f3 g6
4.Ng1e2 Bf8g7
5.e5 f6
6.f4 Ng8h6
7.Ne2g3 O-O
8.Bf1e2 fxe5
9.dxe5 Qd8b6
10.Qd1d3 Nh6g4
11.Qd3f3 Nb8d7
12.e6 Nd7e5
13.Qf3f1 Ng4e3
14.Bc1xe3 Qb6xb2
15.Qf1f2 Qb2xa1
16.O-O d4
17.Be3xd4 Qa1xd4
18.Qf2xd4 Ne5f3
19.Rf1xf3 { resign }
1-0

[Event "Eq:Angels of Checkmate-Equipo Juan Diaz : "]
[Site "www.chess-mail.com"]
[Date "2015.01.31"]
[Round "1"]
[White "Hijodeputa"]
[Black "Korto"]
[WhiteElo "1810"]
[BlackElo "2330"]
[Result "0-1"]
[Round "1"]
1.d4 Ng8f6
2.c4 g6
3.Nb1c3 d5
4.cxd5 Nf6xd5
5.e4 Nd5xc3
6.bxc3 Bf8g7
7.Bf1c4 c5
8.Ng1e2 Nb8c6
9.Bc1e3 O-O
10.O-O cxd4
11.cxd4 Nc6a5
12.Bc4d3 Na5c6
13.Bd3c4 Bc8d7
14.Ra1c1 Ra8c8
15.Qd1d2 Qd8a5
16.Qd2xa5 Nc6xa5
17.Bc4d3 b5
18.Rc1c5 Rc8xc5
19.dxc5 Rf8d8
20.Rf1d1 Bd7e6
{ resign }
0-1

[Event "Fast Game"]
[Site "www.echecsemail.com"]
[Date "2015.01.31"]
[Round "1"]
[White "Attatroll"]
[Black "Tyty56"]
[WhiteElo "1850"]
[BlackElo "1849"]
[Result "0-1"]
[Round "1"]
1.e4 d5
2.exd5 Qd8xd5
3.Nb1c3 Qd5d6
4.d4 Ng8f6
5.Ng1f3 c6
6.Bf1c4 Bc8g4
7.Bc4xf7 Kxf7
8.Nf3e5 Qd6xe5
9.dxe5 Bg4xd1
10.exf6 Bd1xc2
11.fxg7 Bf8xg7
12.Kd2 Bc2f5
13.Nc3e2 Rh8d8
14.Ke1 Nb8a6
15.Bc1e3 Na6b4
{ resign }
0-1

[Event "Tourn. n7938"]
[Site "www.chess-mail.com"]
[Date "2015.02.01"]
[Round "1"]
[White "Luban"]
[Black "Sonivano"]
[WhiteElo "2200"]
[BlackElo "2300"]
[Result "0-1"]
[Round "1"]
1.d4 Ng8f6
2.c4 e6
3.e3 c5
4.Ng1f3 d5
5.Nb1c3 Nb8c6
6.cxd5 exd5
7.h3 cxd4
8.Nf3xd4 Bf8b4
9.Bf1b5 Bc8d7
10.O-O O-O
11.Nd4f3 Bb4xc3
12.bxc3 Ra8c8
13.Bb5xc6 Rc8xc6
14.Nf3e5 Rc6xc3
15.Ne5xd7 Qd8xd7
16.Bc1b2 Rc3c6
17.Bb2xf6 Rc6xf6
18.e4 Rf8d8
19.e5 Rf6e6
20.Qd1d4 b6
21.Ra1c1 Re6c6
22.f4 Qd7c7
23.Rc1xc6 Qc7xc6
24.f5 Qc6c5
25.Rf1d1 Kf8
26.Kf1 Qc5xd4
27.Rd1xd4 Ke7
28.Ke2 g6
29.g4 gxf5
30.gxf5 f6
31.e6 Kd6
32.Rd4h4 Ke5
33.Rh4xh7 Kxf5
{ resign }
0-1

[Event "Tourn. n7932"]
[Site "www.chess-mail.com"]
[Date "2015.02.01"]
[Round "1"]
[White "Mfwolf"]
[Black "Colchester"]
[WhiteElo "1970"]
[BlackElo "1800"]
[Result "1-0"]
[Round "1"]
1.d4 g6
2.c4 Bf8g7
3.Nb1c3 Ng8f6
4.e4 d6
5.Bf1e2 O-O
6.Ng1f3 c6
7.O-O Qd8c7
8.h3 e5
9.Bc1e3 Nb8d7
10.Ra1c1 Rf8e8
11.d5 Nd7b6
12.b4 Bc8d7
13.c5 dxc5
14.bxc5 Nb6c8
15.d6 Qc7d8
16.Qd1b3 b6
17.Be2c4 Bd7e6
18.Bc4xe6 Re8xe6
19.Nf3g5 Re6e8
20.Ng5xf7 { resign }
1-0

[Event "Tourn. n7974"]
[Site "www.chess-mail.com"]
[Date "2015.02.01"]
[Round "1"]
[White "Libiesse"]
[Black "Hali"]
[WhiteElo "2030"]
[BlackElo "2150"]
[Result "0-1"]
[Round "1"]
1.d4 d5
2.c4 c6
3.Ng1f3 Ng8f6
4.cxd5 cxd5
5.Nb1c3 Bc8g4
6.Bc1g5 e6
7.Qd1b3 Nb8d7
8.h3 Bg4xf3
9.gxf3 Bf8d6
10.Rh1g1 O-O
11.e4 dxe4
12.fxe4 Qd8a5
13.Bg5xf6 Nd7xf6
14.e5 Bd6xe5
15.dxe5 Qa5xe5
16.Nc3e2 Rf8c8
17.Bf1g2 Rc8c7
18.Ra1d1 Ra8c8
19.Qb3g3 Qe5xb2
20.Qg3xc7 Qb2b4
21.Kf1 Rc8xc7
22.Rd1d8 Qb4f8
23.Rd8xf8 Kxf8
24.Bg2f3 b5
25.Ne2d4 b4
26.Nd4b3 Rc7c2
 { time }
0-1

[Event "Tourn. n8050"]
[Site "www.chess-mail.com"]
[Date "2015.02.01"]
[Round "1"]
[White "Gorgo"]
[Black "Luban"]
[WhiteElo "1819"]
[BlackElo "2040"]
[Result "1-0"]
[Round "1"]
1.c4 e6
2.Nb1c3 Ng8f6
3.e4 Bf8b4
4.e5 Bb4xc3
5.dxc3 Nf6g8
6.Qd1g4 g6
7.Ng1f3 d5
8.Bf1e2 c5
9.Bc1g5 Qd8d7
10.Ra1d1 Qd7c7
11.Qg4h4 Nb8c6
12.cxd5 exd5
13.Rd1xd5 Bc8e6
14.Rd5xc5 b6
15.Rc5xc6 Qc7xc6
16.Nf3d4 Qc6d7
17.Be2b5 { resign }
1-0

[Event "Tourn. n8056"]
[Site "www.chess-mail.com"]
[Date "2015.02.01"]
[Round "1"]
[White "Luban"]
[Black "E4player"]
[WhiteElo "2080"]
[BlackElo "1809"]
[Result "0-1"]
[Round "1"]
1.d4 Ng8f6
2.c4 e5
3.Bc1g5 exd4
4.Qd1xd4 Bf8e7
5.Ng1f3 Nb8c6
6.Qd4d2 Nf6e4
7.Bg5xe7 Qd8xe7
8.Qd2d1 O-O
9.a3 Nc6e5
10.e3 Ne5g4
11.Qd1c2 Ne4xf2
{ resign }
0-1

[Event "Tourn. n8054"]
[Site "www.chess-mail.com"]
[Date "2015.02.01"]
[Round "1"]
[White "Krasin"]
[Black "Averoes"]
[WhiteElo "2280"]
[BlackElo "2180"]
[Result "1-0"]
[Round "1"]
1.e4 c5
2.c3 d5
3.exd5 Qd8xd5
4.d4 cxd4
5.Ng1f3 Qd5e4
6.Bf1e2 dxc3
7.Nb1xc3 Qe4g4
8.Nc3d5 Qg4d7
9.Bc1f4 e5
10.Nf3xe5 Qd7d8
11.Be2b5 Bc8d7
12.Ne5xd7 Nb8xd7
13.Nd5c7 { resign }
1-0

[Event "Tourn. n8008"]
[Site "www.chess-mail.com"]
[Date "2015.02.01"]
[Round "1"]
[White "Faerieking"]
[Black "Cardiff"]
[WhiteElo "2180"]
[BlackElo "2020"]
[Result "1-0"]
[Round "1"]
1.e4 c5
2.Ng1f3 a6
3.d4 cxd4
4.c3 d3
5.Bf1xd3 d6
6.c4 g6
7.Nb1c3 Bf8g7
8.Qd1c2 Nb8c6
9.a3 Ng8f6
10.O-O O-O
11.h3 h6
12.Bc1e3 Bc8e6
13.Ra1c1 Ra8c8
14.b4 Nc6b8
15.Qc2e2 Nb8d7
16.Nc3d5 Be6xd5
17.exd5 Nd7b6
18.Rf1d1 Nf6d7
19.Qe2d2 Kh7
20.Be3d4 Bg7xd4
21.Nf3xd4 Nd7f6
22.Bd3f1 Qd8d7
23.Rd1e1 Rf8e8
24.Bf1d3 Kg7
25.f4 Qd7d8
26.g4 Qd8d7
27.f5 Qd7c7
28.fxg6 fxg6
29.Nd4e6 { resign }
1-0

[Event "Tourn. n8032"]
[Site "www.chess-mail.com"]
[Date "2015.02.01"]
[Round "1"]
[White "Maredocla"]
[Black "Difficult"]
[WhiteElo "2010"]
[BlackElo "2020"]
[Result "1/2-1/2"]
[Round "1"]
1.e4 c6
2.d3 d5
3.f3 e5
4.b3 dxe4
5.fxe4 Ng8f6
6.Bf1e2 Bf8c5
7.Ng1f3 Qd8e7
8.Nb1c3 Bc8g4
9.Nf3d2 Bg4xe2
10.Qd1xe2 Nb8d7
11.Bc1b2 O-O-O
12.O-O-O Bc5a3
13.Kb1 Ba3xb2
14.Kxb2 Kb8
15.h3 Nd7c5
16.Nd2c4 Rh8e8
17.Qe2f2 Nc5d7
18.a4 Nd7f8
19.Rh1f1 Nf8g6
20.g3 h6
21.Nc4e3 Rd8d6
{ draw }
1/2-1/2

[Event "Tourn. n7884"]
[Site "www.chess-mail.com"]
[Date "2015.02.01"]
[Round "1"]
[White "Wegaman"]
[Black "Maredocla"]
[WhiteElo "1960"]
[BlackElo "1980"]
[Result "0-1"]
[Round "1"]
1.d4 b6
2.c4 g6
3.Nb1c3 Bf8g7
4.Ng1f3 Bc8b7
5.Bc1f4 e6
6.e3 Ng8e7
7.Bf1e2 d6
8.O-O Nb8d7
9.Ra1c1 O-O
10.Rf1e1 a6
11.b3 Ne7f5
12.e4 Nf5e7
13.Qd1c2 Ra8b8
14.Qc2d2 Rf8e8
15.Bf4h6 Nd7f6
16.Be2d3 Kh8
17.Bh6xg7 Kxg7
18.Bd3e2 Nf6xe4
19.Nc3xe4 Bb7xe4
20.Be2d1 Be4b7
21.Qd2c3 Kg8
22.a3 b5
23.cxb5 Ne7d5
24.Qc3d3 Nd5f4
25.Qd3d2 Nf4d5
26.Qd2h6 Qd8f6
27.bxa6 Bb7xa6
28.b4 Nd5f4
29.Rc1xc7 Rb8c8
30.Rc7xc8 Re8xc8
31.Bd1b3 Nf4d3
32.Re1d1 Rc8c3
33.Bb3a2 Rc3c2
34.Ba2b1 Rc2b2
35.h3 Nd3xf2
36.Rd1c1 e5
37.dxe5 dxe5
38.b5 Ba6b7
39.Bb1e4 Nf2xe4
40.Rc1d1 Qf6b6
41.Kh2 Rb2xg2
42.Kxg2 Qb6f2
43.Kh1 Ne4g3
{ resign }
0-1

[Event "Tourn. n8017"]
[Site "www.chess-mail.com"]
[Date "2015.02.01"]
[Round "1"]
[White "Lautreamont"]
[Black "Pretorian"]
[WhiteElo "2900"]
[BlackElo "2530"]
[Result "0-1"]
[Round "1"]
1.d4 Ng8f6
2.c4 c5
3.d5 b5
4.Nb1d2 bxc4
5.e4 e6
6.dxe6 dxe6
7.Bf1xc4 Bf8e7
8.Ng1f3 O-O
{ resign }
0-1

[Event "Tourn. n8014"]
[Site "www.chess-mail.com"]
[Date "2015.02.01"]
[Round "1"]
[White "Tenzinnima"]
[Black "Faerieking"]
[WhiteElo "2270"]
[BlackElo "2210"]
[Result "1-0"]
[Round "1"]
1.e4 e5
2.Ng1f3 f5
3.d4 fxe4
4.Nf3xe5 Ng8f6
5.Bf1c4 d5
6.Bc4b3 Bf8d6
7.O-O O-O
8.Bc1g5 c6
9.Nb1c3 Nb8d7
10.Nc3xd5 cxd5
11.Bb3xd5 Kh8
12.Ne5f7 Rf8xf7
13.Bd5xf7 Qd8c7
14.h3 b6
15.c4 Bc8b7
16.Ra1c1 Ra8f8
17.Bf7e6 Bd6h2
18.Kh1 e3
19.Be6xd7 Nf6xd7
20.d5 Bh2d6
21.Bg5xe3 Nd7c5
22.Be3xc5 Bd6xc5
23.Qd1d2 a5
24.a3 h6
25.Kg1 Bb7c8
26.b4 axb4
27.axb4 Bc5d6
28.Qd2c3 Bc8b7
29.Rc1c2 Rf8c8
30.Rf1d1 Bd6e5
31.Qc3e3 Be5h2
32.Kh1 Bh2f4
33.Qe3a3 Rc8d8
34.Qa3f3 Bf4d6
35.Qf3b3 Qc7f7
36.c5 bxc5
37.bxc5 Bd6b8
38.c6 Qf7c7
39.Qb3g3 Rd8d6
40.Rd1b1 Bb7c8
41.Rc2e2 { resign }
1-0

[Event "Tourn. n8021"]
[Site "www.chess-mail.com"]
[Date "2015.02.01"]
[Round "1"]
[White "Blackpool"]
[Black "Attatroll"]
[WhiteElo "1870"]
[BlackElo "1990"]
[Result "1/2-1/2"]
[Round "1"]
1.e4 e5
2.Ng1f3 Nb8c6
3.Bf1b5 a5
4.d3 Nc6a7
5.c4 Na7xb5
6.cxb5 Bf8b4
7.Bc1d2 d6
8.O-O Ng8f6
9.a3 Bb4c5
10.Nb1c3 Bc8g4
11.h3 Bg4xf3
12.Qd1xf3 O-O
13.Bd2g5 h6
14.Bg5xf6 Qd8xf6
15.Qf3xf6 gxf6
16.Nc3d5 c6
17.bxc6 { draw }
1/2-1/2

[Event "Tourn. n8020"]
[Site "www.chess-mail.com"]
[Date "2015.02.01"]
[Round "1"]
[White "Faerieking"]
[Black "Krasin"]
[WhiteElo "2250"]
[BlackElo "2200"]
[Result "0-1"]
[Round "1"]
1.e4 e6
2.d4 d5
3.Nb1c3 Bf8b4
4.e5 c5
5.a3 Bb4xc3
6.bxc3 Ng8e7
7.Qd1g4 Nb8c6
8.Bf1d3 c4
9.Bd3f1 O-O
10.g3 f6
11.f4 fxe5
12.fxe5 Qd8a5
13.Ng1e2 Bc8d7
14.Bf1g2 Rf8f5
15.Bc1e3 Ra8f8
16.Kd2 Ne7g6
17.h4 h5
18.Qg4xg6 Nc6e7
19.Qg6xf5 Ne7xf5
20.Be3g5 Bd7e8
21.Rh1f1 Be8g6
22.Ne2f4 Bg6f7
23.Nf4e2 Rf8e8
24.Rf1f3 Bf7g6
25.Bg2h3 Kh7
26.g4 hxg4
27.Bh3xg4 Nf5h6
28.Bg5xh6 Kxh6
29.h5 Bg6e4
30.Rf3f4 Qa5a4
31.Rf4xe4 dxe4
32.Ra1f1 Qa4xa3
33.Rf1f4 Qa3e7
{ resign }
0-1

[Event "Tourn. n7995"]
[Site "www.chess-mail.com"]
[Date "2015.02.01"]
[Round "1"]
[White "Averoes"]
[Black "Emmanuelasi"]
[WhiteElo "2220"]
[BlackElo "2150"]
[Result "0-1"]
[Round "1"]
1.d4 Nb8c6
2.d5 Nc6e5
3.e4 e6
4.f4 exd5
5.exd5 Ne5g6
6.Ng1f3 Bf8c5
7.Bf1d3 d6
8.Nb1c3 Ng8f6
9.Bd3b5 Bc8d7
10.Qd1d3 O-O
11.Bc1d2 Rf8e8
12.Kd1 Nf6g4
13.Kc1 Ng4f2
14.Qd3f1 Nf2xh1
15.Qf1xh1 Bc5e3
16.Bb5xd7 Qd8xd7
17.Bd2xe3 Re8xe3
18.Kd2 Re3e7
19.g3 Ra8e8
20.h4 Qd7g4
21.Ra1g1 Re7e3
22.Nf3d4 Re3xg3
23.Rg1xg3 Qg4xf4
{ resign }
0-1

[Event "Tourn. n8047"]
[Site "www.chess-mail.com"]
[Date "2015.02.01"]
[Round "1"]
[White "Rons"]
[Black "Winterlude"]
[WhiteElo "2520"]
[BlackElo "2540"]
[Result "1-0"]
[Round "1"]
1.e4 e5
2.Ng1f3 Nb8c6
3.Bf1b5 Ng8f6
4.O-O Nf6xe4
5.d4 Ne4d6
6.Bb5xc6 dxc6
7.dxe5 Nd6f5
8.Qd1xd8 Kxd8
9.Nb1c3 Ke8
10.h3 h5
11.Bc1f4 Bf8e7
12.Ra1d1 Bc8e6
13.Bf4g5 Be7xg5
14.Nf3xg5 Ke7
15.b3 Ra8d8
16.Nc3e2 Nf5h4
17.g3 Nh4g6
18.f4 b6
19.Ne2d4 { resign }
1-0